Measuring the user experience : (Record no. 134230)

MARC details
000 -LEADER
fixed length control field 01018cam a2200301Ia 4500
008 - FIXED-LENGTH DATA ELEMENTS--GENERAL INFORMATION
fixed length control field
020 ## - INTERNATIONAL STANDARD BOOK NUMBER
International Standard Book Number 0123735584 (pbk.)
049 ## - LOCAL HOLDINGS (OCLC)
Holding library MAIN
050 14 - LIBRARY OF CONGRESS CALL NUMBER
Classification number QA76.9.U83
Item number TUL
003 - CONTROL NUMBER IDENTIFIER
control field
005 - DATE AND TIME OF LATEST TRANSACTION
control field 20230123125020.0
040 ## - CATALOGING SOURCE
Transcribing agency NUST
100 1# - MAIN ENTRY--PERSONAL NAME
Personal name Tullis,Tom
245 10 - TITLE STATEMENT
Title Measuring the user experience :
Remainder of title collecting, analyzing, and presenting usability metrics /
Statement of responsibility, etc. Tom Tullis and Bill Albert
260 ## - PUBLICATION, DISTRIBUTION, ETC.
Place of publication, distribution, etc. Amsterdam :
Name of publisher, distributor, etc. Elsevier/Morgan Kaufmann,
Date of publication, distribution, etc. c2008.
300 ## - PHYSICAL DESCRIPTION
Extent xvii, 317 p. :
Other physical details ill. ;
Dimensions 24 cm.
440 #4 - SERIES STATEMENT/ADDED ENTRY--TITLE
Title The Morgan Kaufmann series in interactive technologies.
504 ## - BIBLIOGRAPHY, ETC. NOTE
Bibliography, etc. note Includes bibliographical references.
500 ## - GENERAL NOTE
General note Includes Index.
650 #0 - SUBJECT ADDED ENTRY--TOPICAL TERM
Topical term or geographic name entry element Measurement.
650 #0 - SUBJECT ADDED ENTRY--TOPICAL TERM
Topical term or geographic name entry element Technology assessment.
650 #0 - SUBJECT ADDED ENTRY--TOPICAL TERM
Topical term or geographic name entry element User interfaces (Computer systems).
650 #0 - SUBJECT ADDED ENTRY--TOPICAL TERM
Topical term or geographic name entry element User interfaces (Computer systems)
General subdivision Measurement.
655 #7 - INDEX TERM--GENRE/FORM
Genre/form data or focus term Electronic books.
Source of term local.
700 1# - ADDED ENTRY--PERSONAL NAME
Personal name Albert, Bill.
907 ## - LOCAL DATA ELEMENT G, LDG (RLIN)
a .b10276518
b 21-06-10
c 10-05-10
942 ## - ADDED ENTRY ELEMENTS (KOHA)
Koha item type Ordinary Loan Books
Holdings
Date last seen Total Checkouts Full call number Barcode Cost, replacement price Price effective from Koha item type Lost status Source of classification or shelving scheme Damaged status Not for loan Collection Withdrawn status Home library Current library Shelving location Date acquired Cost, normal purchase price
01/23/2023   QA76.9.U83 TUL 92004013099 80.00 01/23/2023 BOOKS   LCC     NFIC   MAIN MAIN GEN 01/23/2023 80.00